000 02989cam a2200385 a 4500
001 4105
003 FISKH
005 20240606162437.0
008 240606b cb ||||| |||| 00| 0 eng d
010 _a 2008041554
020 _a9780307387905
020 _a0307387909
035 _a(OCoLC)ocn232980470
040 _aDLC
_cDLC
_dBTCTA
_dYDXCP
_dZHB
_dILC
_dIK2
_dKUA
_dCDX
_dWIM
_dVP@
_dCQU
_dDLC
_beng
050 0 0 _aHG3881
_b.E568 2009
082 0 0 _a330.9
_222
100 1 _aEpping, Randy Charles.
245 1 4 _aThe 21st century economy :
_ba beginner's guide : with 101 easy-to-learn tools for surviving and thriving in the new global marketplace /
_cRandy Charles Epping.
246 3 _aTwenty-first century economy
250 _a1st Vintage Books ed.
260 _aNew York :
_bVintage Books,
_c2009.
300 _axii, 316 pages :
_bmaps ;
_c21 cm
505 0 0 _tWhat is the fusion economy? --
_tWhat is macroeconomics? --
_tCentral banks and global crisis-- who really controls the global economy? --
_tFree trade or isolationism-- how can trade wars be avoided in the 21st century? --
_tMoney, money, money-- how do currencies work in the new global economy? --
_tRage against the machine-- why the big fuss over globalization? --
_tWhat is the virtual economy? --
_tGetting our share-- how do we invest in the new global economy? --
_tWinners and losers-- how do we compare investments in the 21st century economy? --
_tPrivate equity and public good-- who really controls the companies of the world? --
_tCorporate governance and corporate greed-- how are businesses managed in the 21st century economy? --
_tHedge funds and derivative traders-- the wild cards of the new global economy? --
_tIncome gaps and development-- what can be done to eliminate poverty in the 21st century? --
_tDrugs, slavery, and shady deals-- the illegal economy of the 21st century --
_tWhat is the best economic system for the 21st century? --
_tOutsourcing and immigration-- how have demographics transformed the world economy? --
_tWhat is the green economy? --
_tHealth, development, and global pandemics-- how has public health become a major factor in the global economy? --
_gEpilogue.
520 _aWith recent economic turmoil monopolizing the headlines, it has become more important than ever to understand fundamental economic terms and concepts.
650 0 _aInternational finance.
650 0 _aEconomic history
_y21st century.
650 0 _aGlobalization.
650 0 _aInternational trade.
856 4 2 _3Contributor biographical information
_uhttp://www.loc.gov/catdir/enhancements/fy1002/2008041554-b.html
856 4 2 _3Publisher description
_uhttp://www.loc.gov/catdir/enhancements/fy1002/2008041554-d.html
856 4 1 _3Sample text
_uhttp://www.loc.gov/catdir/enhancements/fy1002/2008041554-s.html
906 _a7
_bcbc
_corignew
_d1
_eecip
_f20
_gy-gencatlg
942 _2ddc
_cBK
_n0
999 _c4105
_d4105